000 00463nam a2200169Ia 4500
003 GCL
008 140319s9999 xx 000 0 eng d
040 _aGCL /
_cGCL
082 0 4 _a709.04
_bA T
100 1 _aACADEMY EDITIONS
245 1 0 _aTIME AND TIDE: THE TYNE INTERNATIONAL EXHIBITION OF CONTEMPORARY ART /
_cACADEMY EDITIONS
260 _a[S.N] :
_bACADEMY GROUP ،
_c1993
300 _a96 P
650 0 4 _aART, MODERN
650 0 4 _aARTS
942 _2ddc
_cBK
999 _c16104
_d16104